000 00674nam a2200253Ia 4500
003 OSt
005 20221005060423.0
006 a|||||r|||| 00| 0
007 ta
008 221004b |||||||| |||| 00| 0 eng d
024 _a61461
037 _cTextual
040 _aCRL
_cCRL
_beng
041 _2eng
_aeng
082 _aV1.C, M8
100 _aClayton Peter A
_9599623
245 0 _aSeven wonders of the ancient world
260 _aLondon
_bRoutledge
_c1988
300 _a176p.
_ccm.
650 _aWORLD HISTORY
700 _a Price Martin J
_9599624
942 _hV1.C, M8
_cTEXL
_2cc
999 _c966658
_d966658